| 000 | 00498nam a2200193 a 4500 | ||
|---|---|---|---|
| 001 | 0001-1523 | ||
| 003 | ELIB.Books | ||
| 008 | 170519 2010 eng | ||
| 020 | _a8175541288 | ||
| 092 |
_a658 _bHus |
||
| 100 | _aHussey, D E | ||
| 245 | _aHow To Manage Organisational Change | ||
| 250 | _aSecond Edition | ||
| 260 |
_aNew Delhi _bKogan Page _c2000 |
||
| 300 |
_a153 _c29.7 cm |
||
| 942 |
_2ddc _cBK |
||
| 990 | _a3 | ||
| 998 |
_aEnglishbooks.elf _ccat _e2017-05-19 _mcat _u2019-07-08 |
||
| 999 |
_c11523 _d11523 |
||